| 000 | 00758nam a22001817a 4500 | ||
|---|---|---|---|
| 999 |
_c370748 _d370748 |
||
| 008 | 201130b ||||| |||| 00| 0 eng d | ||
| 040 |
_bger _cDE-2950 _erda _aDE-2950 |
||
| 041 | _ager | ||
| 245 |
_aKliestow feiert endlich. _bNachdem 2020 das große Fest abgesagt werden musste, freute sich Michael Macht mit seinem Team und dem Kliestower Heimatverein, dass die 701 + 1 Jahrfeier nun begangen werden konnte. |
||
| 264 | _c2021 | ||
| 653 | _aFrankfurt (Oder) <Ortsteil Kliestow> | ||
| 653 | _aJubiläum | ||
| 773 |
_dFrankfurt (Oder): Märkisches Verlags- und Druckhaus GmbH & Co KG _g32. Jahrgang (2021) Nr. 195 vom 23.08.2021, S. 11: Foto _tMärkische Oderzeitung |
||
| 942 | _cA | ||